Liedtext Jeanne - Sie ist nicht zu fassen - Statistiken

Allgemein
  • Dieses Quiz wurde 23 mal gespielt
  • Das Durchschnittsergebnis liegt bei 71 aus 88
Antwortstatistiken
Antwort % Korrekt
der
94%
die
94%
die
94%
ein
94%
ein
94%
ein
94%
ein
94%
einer
94%
in
94%
sie
94%
Sie
94%
sie
94%
sie
94%
sie
94%
Sie
94%
Sie
94%
sie
94%
aus
88%
das
88%
du
88%
entfernt
88%
fassen
88%
ihr
88%
ist
88%
ist
88%
ist
88%
ist
88%
nicht
88%
nur
88%
und
88%
und
88%
und
88%
und
88%
Wie
88%
wie
88%
wie
88%
wie
88%
zu
88%
zu
88%
Dächer
82%
denn
82%
einen
82%
entfernten
82%
fliegt
82%
Geheimnis
82%
Herz
82%
mein
82%
mir
82%
niemand
82%
Schatten
82%
Stadt
82%
Stern
82%
Stern
82%
über
82%
um
82%
von
82%
Welt
82%
Welt
82%
Dämonen
76%
Element
76%
Geheimnisvoll
76%
Herzschlag
76%
hier
76%
kennt
76%
kommt
76%
Mitternacht
76%
Phantom
76%
unsere
76%
bekämpfen
71%
doch
71%
hell
71%
heller
71%
meine
71%
plötzlich
71%
Zeit
71%
auch
65%
schlägt
65%
schnell
65%
so
65%
sucht
65%
Wenn
65%
erscheint
59%
Fällst
59%
strahlend
59%
wird
59%
atemlos
53%
bin
53%
war
35%
Keine übereinstimmenden Quizze gefunden
Verteilung der Resultate
Anzahl Personen mit jedem Resultat
Perzentil nach korrekt beantworteten Fragen
Ihre Resultats-Entwicklung
Sie haben dieses Quiz noch nicht gespielt